| 000 | 00732nam a2200217 u 4500 | ||
|---|---|---|---|
| 005 | 20210223131406.0 | ||
| 008 | 080312s2004 mx r 000 0 spa d | ||
| 020 | _a9707560487 | ||
| 035 | _aUPN01000178078 | ||
| 049 | _aI | ||
| 050 | 4 |
_aQ182.3 Q4.3 _bB4.7 |
|
| 100 | 1 | _aBernhard, Emmanuel | |
| 245 | 1 | 3 |
_aEl sonido / _cEmmanuel Bernhard ; il. Peter Allen ; tr. Lucia Gatti. |
| 260 |
_aMéxico : _bCorreo del Maestro : _bLa Vasija, _cc2004. |
||
| 300 |
_a23 p. : _bprincipalmente il. col. |
||
| 440 | 1 |
_a¿Qué es eso?. _pA partir de los 6 años |
|
| 650 | 4 |
_aCIENCIA - _xEXPERIMENTOS - _vLITERATURA INFANTIL _913449 |
|
| 650 | 4 |
_aSONIDO - _vLITERATURA INFANTIL _911047 |
|
| 700 | 1 |
_aAllen, Peter, _eil. _930625 |
|
| 905 | _aInfantil | ||
| 999 |
_c150181 _d150181 |
||